Lataa...

വിജയൻ മുതൽ വിഷ്ണു വരെ /

Bibliografiset tiedot
Päätekijä: ഉണിത്തിരി, എൻ വി പി
Muut tekijät: Unithiri,N V P.
Aineistotyyppi: Printed Book
Julkaistu: Kannur: Samayam publications, 2012.
Aiheet:
LEADER 00618nam a22001577a 4500
082 |a 809  |b UNI-V 
100 |a ഉണിത്തിരി, എൻ വി പി. 
245 |a  വിജയൻ മുതൽ വിഷ്ണു വരെ /  
260 |a Kannur:  |b Samayam publications,  |c 2012. 
300 |a 319p.; 
650 |a Malayalam literature-criticism 
650 |a Vijayan muthal Vishnu vare 
700 |a Unithiri,N V P. 
942 |c BK 
999 |c 53650  |d 53650 
952 |0 0  |1 0  |4 0  |6 809_000000000000000_UNIV  |7 0  |9 67777  |a KU  |b KU  |d 2019-03-27  |e PICO.A2/5736/2013 dtd 02/05/2018  |g 260.00  |l 0  |o 809 UNI-V  |p CL03817  |r 2019-03-27  |w 2019-03-27  |y BK